00784nam a22002057a 450000500170000001000150001702000270003203500130005903700130007208200120008510000280009724500920012526000420021727000720025930000250033150000400035694200260039699900170042295201390043920140909153114.0 aENG-110774 a9788183876605c1100.00 aEN-94306 bDBAD/PUB a343.097 aTenneti, Vijaya Chandra aDevelopment and emerging trends of international space law /cby Vijaya Chandra Tenneti aNew DelhibSerials Publicationsc2014 a4830/24, Prahlad street, Ansari Road, Darya GanjbNew Delhie110002 axii,299p. c22cm(Hb) aIncludes bibliographical references 2ddccENh343.097mTEN c88396d88396 001040718NFICaDBADbDBADd2014-09-08eDBAD/PUBg1100.00l0o343.097 TENpEN-94306r2014-09-08 00:00:00t1v1100.00w2014-09-08yEN